American crime stories

Curtis Colt didn't kill that liquor store woman, and that's a fact. It's not right that he should have to ride the lightning - that's what prisoners call dying in the electric chair. Curtis doesn't belong in it, and I can prove it.' But can Curtis's girlfriend prov...

Szczegółowa specyfikacja

Zapisane w:
Opis bibliograficzny
1. autor: Escott, John
Format: Książka
Język:Undetermined
Wydane: Oxford Oxford University Press 2011
Hasła przedmiotowe:
Etykiety: Dodaj etykietę
Nie ma etykietki, Dołącz pierwszą etykiete!
Thư viện lưu trữ: Trung tâm Học liệu Trường Đại học Cần Thơ
LEADER 01137nam a2200217Ia 4500
001 CTU_188428
008 210402s9999 xx 000 0 und d
020 |c 88000 
082 |a 428.4 
082 |b E74/B.6 
100 |a Escott, John 
245 0 |a American crime stories 
245 0 |c John Escott 
260 |a Oxford 
260 |b Oxford University Press 
260 |c 2011 
520 |a Curtis Colt didn't kill that liquor store woman, and that's a fact. It's not right that he should have to ride the lightning - that's what prisoners call dying in the electric chair. Curtis doesn't belong in it, and I can prove it.' But can Curtis's girlfriend prove it? Murder has undoubtedly been done, and if Curtis doesn't ride the lightning for it, then who will? These seven short stories, by well-known writers such as Dashiel Hammett, Patricia Highsmith, and Nancy Pickard, will keep you on the edge of your seat. 
650 |a Reading comprehension,Short stories.,Đọc hiểu 
650 |x Problems, exercises, etc.,Cau hỏi và bài tập 
904 |i Tuyến 
980 |a Trung tâm Học liệu Trường Đại học Cần Thơ